000 00810cam a22002651 4500
001 12262
003 BD-RjUL
005 20211208235250.0
008 140128s1963 njua 001 0 eng d
035 _a(BD-RjUL)12311
040 _aDLC
_cDLC
_dDLC
_d(BD-RjUL)
_beng
041 _aeng
082 0 0 _a578.012
_bALB 1963
100 1 _aAlston, Ralph E.
_938063
245 1 0 _aBiochemical systematics /
_c[by] Ralph E. Alston [and] B. L. Turner.
260 _aEnglewood Cliffs, N.J. :
_bPrentice-Hall ,
_cc1963
300 _a404 p. :
_billus. ;
_c24 cm.
490 0 _aPrentice-Hall biological science series
504 _aIncludes Index
650 0 _aPlant chemotaxonomy.
_938043
700 1 _aTurner, B. L.
_q(Billie Lee),
_d1925-
_9227188
942 _2ddc
_cBK
999 _c12262
_d12262